Sports Quiz

Random Sports or NFL Quiz

AFC Championship Starting QBs Quiz Stats

 Plays Quiz Updated Jan 21, 2018

Challenge
Share
Tweet
Embed
Score 0/48 Timer 06:00
0 Plays Today
% Correct
Peyton Manning
97.7%
Peyton Manning
97.4%
Tom Brady
97.1%
Dan Marino
93.4%
John Elway
93.2%
Terry Bradshaw
92.2%
Joe Flacco
91.8%
Ben Roethlisberger
91.2%
Philip Rivers
89.4%
Patrick Mahomes
86.7%
Jim Kelly
86.3%
Andrew Luck
84.5%
Mark Sanchez
83.2%
Drew Bledsoe
82.2%
Steve McNair
80.3%
Blake Bortles
79.5%
Joe Namath (AFL)
78.2%
Rich Gannon
76.6%
Trent Dilfer
71.9%
Boomer Esiason
71.4%
Dan Fouts
70.7%
Bob Griese
70.6%
Mark Brunell
68.9%
Johnny Unitas
68.7%
% Correct
Ken Stabler
65%
Kordell Stewart
64.2%
Jake Plummer
61.6%
Joe Montana
61.4%
Bernie Kosar
58.6%
Vinny Testaverde
56.8%
Jim Plunkett
54.8%
Len Dawson (2 AFL)
53.7%
Neil O'Donnell
51.5%
Ken Anderson
49.7%
Jim Harbaugh
48.6%
Tony Eason
41%
Dave Krieg
38.3%
Stan Humphries
37.6%
Daryle Lamonica (3 AFL)
30.6%
Craig Morton
30%
Earl Morrall
28.1%
Jack Kemp (AFL)
25.9%
Dan Pastorini
22%
David Woodley
20.7%
Richard Todd
19.3%
Mark Malone
18.6%
Jay Schroeder
17.3%
Pete Beathard (AFL)
2.6%

You're not logged in!

Compare scores with friends on all Sporcle quizzes.
OR
Log In

You Might Also Like...

Show Comments

Extras

Top Quizzes Today


Score Distribution

Your Account Isn't Verified!

In order to create a playlist on Sporcle, you need to verify the email address you used during registration. Go to your Sporcle Settings to finish the process.

Report this User

Report this user for behavior that violates our Community Guidelines.

Details: